000 00871nam0a22002531 4500
001 rc\2675982
005 20250623153220.0
035 _a(NLR Aleph) 006804430
090 _a6277684
_c6277684
100 _a20110915d1932 |||y0rusy50 ca
101 0 _arus
102 _aRU
105 _aace z |||a|
200 1 _aКогти
_eРоман
_fЕ. Н. Пермитин
210 _a[Москва]
_cФедерация
_d1932
_gф-ка книги "Красный пролетарий"
215 _aСуп.-обл., переплет, 393, [1] с., 7 вкл. л. ил. в 2 краски, портр.
_d20х14 см.
300 _aРисунки: Л. Брунш
700 1 _aПермитин
_bЕ.Н.
_f1896-1971
_gЕфим Николаевич
801 0 _aRU
_bNLR
_gpsbo
801 1 _aRU
_bELAR
_2rusmarc
852 _aNLR
_j33-3/371
942 _cBOOK
980 _aNB